000 00379nam a2200145Ia 4500
008 230711s9999||||xx |||||||||||||| ||und||
041 _aENG
082 _a4
_bMA-T
100 _aMartin,James
245 0 _aTelecommunications and the computer
250 _a1st
260 _c1992
_aNew Delhi
_bPrentice-Hall of India Private Limited
650 _aComputer Engineering
942 _cBK
999 _c2532
_d2532